Károly Grósz ; Károly Grósz

Bibliographic Details
Format: Article
Language:Slovak
PhysicalDescription:Obr. 1.
Subjects:

MARC

LEADER 00000nab a2200000 a 4500
001 vtls000320908
003 SK-MaSNL
005 20260303043028.0
008 160202c1988 xo 0 slo
015 |a SNBRB19rr/mm-uuuuu 
035 |a CL0321030 
040 |a SNKBUCL  |b slo  |c SNKBUCL  |e AACR2 
041 0 |a slo 
044 |a xo  |c SK 
080 |a 329.15(100-11)(439)-051  |2 1981 
080 |a 929 Grósz, Károly  |2 1981 
245 0 0 |a Károly Grósz ; Károly Grósz 
300 |b Obr. 1. 
600 1 7 |a Grósz, Károly  |d 1930-  |x generálny tajomník MSRS - životopisy  |2 snkbucl  |9 1029876 
600 1 7 |a Grósz, Károly,  |d 1930-  |2 snkbucl  |9 162560 
655 7 |a články z novín a časopisov  |2 snkbucl  |9 267496 
773 0 |t Pravda  |g Roč. 69, č. 120 (24. 5. 1988), s. 7 
850 |a Slovenská národná knižnica v Martine  |a MTA001 
852 |a SNK  |b KIS3GCP 
958 |a RK 
958 |a HU 
992 |a RBX 
999 |c 1695067  |d 1696997